000 00702nam a2200253Ia 4500
003 OSt
005 20221005060323.0
006 a|||||r|||| 00| 0
007 ta
008 221004b |||||||| |||| 00| 0 eng d
024 _a48278
037 _cTextual
040 _aCRL
_cCRL
_beng
041 _2eng
_aeng
082 _aT2:8, N3
100 _aGreenfield homas
_9599579
245 0 _aGreenfield on educational administration
_b Towards a human science
260 _aLondon
_bRoutledge
_c1993
300 _a285p
_ccm.
650 _aEDUCATION
700 _a Ribbins Peter
_9599580
942 _hT2:8, N3
_cTEXL
_2cc
999 _c966550
_d966550